Computation in Modern Physics

Enregistré dans:
Détails bibliographiques
Auteur principal: Gibbs, William R. (Auteur)
Format: Livre
Langue:anglais
Publié: New Jersey : World Scientific, 2006
Édition:3.ed.
Sujets:
Tags: Ajouter un tag
Pas de tags, Soyez le premier à ajouter un tag!

MARC

LEADER 00000nam a22000003a 4500
001 stu175561
005 20150617225559.4
008 081107s2006----xxu-----------------eng-d
020 |a 981-256-799-2 
040 |a STU  |b slo 
041 0 |a eng 
044 |a xxu 
080 |a 004  |7 stu_us_auth*stu9200 
080 |a 53  |7 stu_us_auth*stu7966 
100 1 |a Gibbs, William R.  |4 aut 
245 1 |a Computation in Modern Physics 
250 |a 3.ed. 
260 |a New Jersey :  |b World Scientific,  |c 2006 
300 |a 366 s 
650 7 |a počítače  |2 stusub 
650 7 |a fyzika  |2 stusub 
996 |b 284EK87716  |c E*87716  |l EE10  |s P  |a 0  |w stu175561_0001